Caught in the middle of the bitter GM battle (Record no. 72113)
[ view plain ]
| 000 -LEADER | |
|---|---|
| fixed length control field | 01216cam a2200217 4500 |
| 001 - CONTROL NUMBER | |
| control field | X121347 |
| 008 - FIXED-LENGTH DATA ELEMENTS--GENERAL INFORMATION | |
| fixed length control field | 030213n2003 000 0 eng u |
| 035 ## - SYSTEM CONTROL NUMBER | |
| System control number | (Sirsi) u121347 |
| 100 ## - MAIN ENTRY--PERSONAL NAME | |
| Personal name | Burrows, D. |
| 245 ## - TITLE STATEMENT | |
| Title | Caught in the middle of the bitter GM battle |
| 260 ## - PUBLICATION, DISTRIBUTION, ETC. | |
| Date of publication, distribution, etc. | 2003 |
| 490 ## - SERIES STATEMENT | |
| Series statement | Farmers' Weekly |
| Volume/sequential designation | 138(6) 7 February 2003, 74-78(5) |
| 520 ## - SUMMARY, ETC. | |
| Summary, etc. | A special feature on the different opinions on genetically modified produce as farmers are caught between arguments in favour of GM crops and the possibility that there will be no market among consumers for such products. Includes the experience of conventional farmers growing GM crops and the benefits of reducing the amount of herbicides and pesticides. However some US experience shows an increase in chemicals sprayed on crops and there is no proof that GM crops are more economical. Also examines the issues that organic farmers will suffer from cross-contamination and consumers will reject food labelled GM. |
| 650 ## - SUBJECT ADDED ENTRY--TOPICAL TERM | |
| Topical term or geographic name entry element | GENETICALLY MODIFIED CROPS |
| 650 ## - SUBJECT ADDED ENTRY--TOPICAL TERM | |
| Topical term or geographic name entry element | GENETICALLY MODIFIED FOODS |
| 650 ## - SUBJECT ADDED ENTRY--TOPICAL TERM | |
| Topical term or geographic name entry element | FARMING INDUSTRY |
| 650 ## - SUBJECT ADDED ENTRY--TOPICAL TERM | |
| Topical term or geographic name entry element | ORGANIC FARMING |
| 650 ## - SUBJECT ADDED ENTRY--TOPICAL TERM | |
| Topical term or geographic name entry element | FOOD PRODUCTION |
| 690 ## - LOCAL SUBJECT ADDED ENTRY--TOPICAL TERM (OCLC, RLIN) | |
| Topical term or geographic name as entry element | RURAL-AGRICULTURE AND FORESTRY |
| 942 ## - ADDED ENTRY ELEMENTS (KOHA) | |
| Suppress in OPAC | 0 |
| Withdrawn status | Lost status | Source of classification or shelving scheme | Damaged status | Not for loan | Home library | Current library | Shelving location | Date acquired | Total Checkouts | Full call number | Barcode | Date last seen | Copy number | Price effective from | Koha item type |
|---|---|---|---|---|---|---|---|---|---|---|---|---|---|---|---|
| Dewey Decimal Classification | London | London | Journal article | 13/02/2003 | X121347 | 121347-1001 | 06/08/2019 | 1 | 06/08/2019 | Journal article |